La estrategia del desarrollo indirecto (Registro nro. 16087)

Detalles MARC
000 -LEADER
fixed length control field 00327 a2200109 4500
001 - CONTROL NUMBER
control field ART_2960
005 - DATE AND TIME OF LATEST TRANSACTION
control field 20260410161711.0
008 - FIXED-LENGTH DATA ELEMENTS--GENERAL INFORMATION
fixed length control field 260409a
100 1# - MAIN ENTRY--PERSONAL NAME
Personal name Di Tella, Guido
245 10 - TITLE STATEMENT
Title La estrategia del desarrollo indirecto
773 0# - HOST ITEM ENTRY
Title Desarrollo económico
Related parts - Vol. 8, Nº 32 (ene./mar. 1969)
Record control number REV1174

No hay ítems disponibles.